| 000 | 00710nam a2200205 4500 | ||
|---|---|---|---|
| 999 |
_c163192 _d163192 |
||
| 005 | 20190404112557.0 | ||
| 010 | _aENG-125002 | ||
| 020 |
_a9789350025406 _c995.00 |
||
| 035 | _aEN-108534 | ||
| 037 | _bDBAD/PUB | ||
| 082 | _a306.4 | ||
| 245 |
_aLinguistic foundations of identity: _ced. by Om Prakash [and] Rajesh Kumar _breadings in language, literature and contemporary cultures/ |
||
| 260 |
_aDelhi _bAakar Books _c2018 |
||
| 270 |
_a28 E,Pocket IV, Mayur Vihar Phase-1 _bDelhi _e110091 _maakarbooks@gmail.com |
||
| 300 |
_a368p. _c23cm.(Hb) |
||
| 500 | _aIt includes bibliographical and references | ||
| 700 | _aOm Prakash | ||
| 700 | _aRajesh Kumar | ||
| 942 |
_2ddc _cEN _h306.4 _mLIN |
||